<?xml version="1.0" encoding="UTF-8"?>
<marc:record xmlns:marc="http://www.loc.gov/MARC21/slim">
   <marc:leader>00000nam a2200000 a 4500</marc:leader>
   <marc:datafield ind1="1" ind2=" " tag="100">
      <marc:subfield code="a">Lambertus, Hendrik</marc:subfield>
      <marc:subfield code="4">aut</marc:subfield>
      <marc:subfield code="e">Verfasser/-in</marc:subfield>
   </marc:datafield>
   <marc:datafield ind1=" " ind2=" " tag="653">
      <marc:subfield code="a">Zauberlehrling</marc:subfield>
   </marc:datafield>
   <marc:datafield ind1=" " ind2=" " tag="653">
      <marc:subfield code="a">Orakel</marc:subfield>
   </marc:datafield>
   <marc:datafield ind1="0" ind2="0" tag="245">
      <marc:subfield code="a">Zauberakademie Siebenstern</marc:subfield>
   </marc:datafield>
   <marc:datafield ind1="0" ind2="0" tag="245">
      <marc:subfield code="b">Bestehst DU das magische Abenteuer?</marc:subfield>
   </marc:datafield>
   <marc:datafield ind1=" " ind2="1" tag="264">
      <marc:subfield code="b">Betz</marc:subfield>
      <marc:subfield code="c">2023</marc:subfield>
   </marc:datafield>
   <marc:datafield ind1="1" ind2=" " tag="520">
      <marc:subfield code="a">Tritt ein in die Zauberakademie Siebenstern und werde Zauberschüler*in! Denn in dieser Geschichte schlüpfst DU in die Rolle des Helden oder der Heldin und erlernst die Kunst der Magie! Gemeinsam mit Elfen, Gnomen und vielen weiteren Wesen stellst du dich in den sieben Türmen dieser Zauberschule abenteuerlichen Prüfungen und brenzligen Gefahren. Doch unter der Schule schläft eine uralte Bedrohung, die zu erwachen droht. Wird es dir mit List und Zauberei gelingen, sie aufzuhalten und die Siebenstern-Akademie zu retten? (Verlagstext)</marc:subfield>
   </marc:datafield>
   <marc:datafield ind1=" " ind2=" " tag="020">
      <marc:subfield code="a">9783764152543</marc:subfield>
      <marc:subfield code="9">9783764152543</marc:subfield>
   </marc:datafield>
</marc:record>
